Quy định mới về quản lý, sử dụng nguồn kinh phí ngân sách nhà nước trong các cơ quan hành chính, đơn vị sự nghiệp
Cuốn sách này trình bày những quy định về quản lý, sử dụng nguồn kinh phí ngân sách nhà nước trong các lĩnh vực, ngành, chương trình mục tiêu. Đầu và cuối quyển sách đều có những thông tư hướng dẫn, những biểu mẫu để thực hiện việc...
Spremljeno u:
| Autor kompanije: | |
|---|---|
| Format: | Knjiga |
| Jezik: | Undetermined |
| Izdano: |
Hà Nội
Tài chính
2008
|
| Teme: | |
| Oznake: |
Dodaj oznaku
Bez oznaka, Budi prvi tko označuje ovaj zapis!
|
| Thư viện lưu trữ: | Trung tâm Học liệu Trường Đại học Cần Thơ |
|---|
| LEADER | 01266nam a2200229Ia 4500 | ||
|---|---|---|---|
| 001 | CTU_135432 | ||
| 008 | 210402s9999 xx 000 0 und d | ||
| 020 | |c 195000 | ||
| 082 | |a 352.4 | ||
| 082 | |b B450 | ||
| 110 | |a Bộ tài chính | ||
| 245 | 0 | |a Quy định mới về quản lý, sử dụng nguồn kinh phí ngân sách nhà nước trong các cơ quan hành chính, đơn vị sự nghiệp | |
| 245 | 0 | |c Bộ tài chính | |
| 260 | |a Hà Nội | ||
| 260 | |b Tài chính | ||
| 260 | |c 2008 | ||
| 520 | |a Cuốn sách này trình bày những quy định về quản lý, sử dụng nguồn kinh phí ngân sách nhà nước trong các lĩnh vực, ngành, chương trình mục tiêu. Đầu và cuối quyển sách đều có những thông tư hướng dẫn, những biểu mẫu để thực hiện việc quản lý, sử dụng, thanh quyết toán..... | ||
| 650 | |a Administration,Administrative agencies,Financial statements,Trung tâm Học liệu ĐH Cần Thơ | ||
| 650 | |x Quản lý tài chính | ||
| 650 | |z vietnam,vietnam,vietnam | ||
| 904 | |i Năm | ||
| 980 | |a Trung tâm Học liệu Trường Đại học Cần Thơ | ||